000 00773nab a2200241 u 4500
001 10825
003 HDC
007 cr bn ---aaaaa
008 210205d20141226 |r|noo 0 a eng d
040 _aHDC
110 _aDaily Tribune Bahrain
245 0 _aMidmar claims it's a Halal food company
260 _a[no place] :
_b[publisher not identified],
_c2014
336 _atext
_2rdacontent
337 _acomputer
_2rdamedia
338 _aonline resource
_2rdacarrier
650 _afood company
_911084
650 _aHalal food
_950
856 _zRequest full-text at [email protected]
942 _2lcc
942 _cNEWS
942 _kNWSO 001242
999 _c8148
_d8148